Red Hat Linux 7 bible (Record no. 6338)

000 -LEADER
fixed length control field 00513 a2200169 4500
020 ## - INTERNATIONAL STANDARD BOOK NUMBER
International Standard Book Number 8126502053
040 ## - CATALOGING SOURCE
Original cataloging agency DLC
082 00 - DEWEY DECIMAL CLASSIFICATION NUMBER
Classification number 005.4469
100 1# - MAIN ENTRY--PERSONAL NAME
Personal name Negus, Chris,
245 10 - TITLE STATEMENT
Title Red Hat Linux 7 bible
Statement of responsibility, etc. Christopher Negus.
250 ## - EDITION STATEMENT
Edition statement Unlimited ed.
260 ## - PUBLICATION, DISTRIBUTION, ETC.
Place of publication, distribution, etc. Foster City, CA :
Name of publisher, distributor, etc. IDG Books Worldwide,
Date of publication, distribution, etc. 2000.
300 ## - PHYSICAL DESCRIPTION
Extent xxx, 871 p. :
Other physical details ill. ;
Dimensions 24 cm. + 3 computer laser optical discs (4 3/4 in)
500 ## - GENERAL NOTE
General note Includes index.
650 #0 - SUBJECT ADDED ENTRY--TOPICAL TERM
Topical term or geographic name entry element Operating systems (Computers)
942 ## - ADDED ENTRY ELEMENTS (KOHA)
Koha item type Book
Call number prefix 005.4469 NEG
Source of classification or shelving scheme
Holdings
Withdrawn status Lost status Damaged status Not for loan Collection code Permanent Location Current Location Shelving location Date acquired Source of acquisition Cost, normal purchase price Total Checkouts Full call number Barcode Date last seen Price effective from Koha item type
          Central Library (CL) Central Library (CL) First Floor - Operating System/ Data Structure 02/08/2001 Pak American 873.25   005.4469 NEG SEECS001548 11/14/2012 01/05/2017 Book
© 2023 Central Library, National University of Sciences and Technology. All Rights Reserved.